Mega-Sorting Gallery: Holiday Quiz Stats

 Plays Quiz not verified by Sporcle

Score 0/100 Timer 10:00
17 Plays Today
% Correct
Christmas Eve
94.2%
December
91.6%
Dasher
91.5%
June
91.4%
Dancer
91.2%
Be Mine
91.1%
I'm Yours
91%
March
91%
Calling Birds
91%
Blitzen
90.9%
Geese
90.8%
French Hens
90.8%
Donner
90.6%
September
90.6%
Comet
90.5%
Prancer
90.5%
Love You
90.4%
Turtle Doves
90.3%
Hug Me
90.3%
Swans
90.3%
Cupid
89.8%
Good Friday
89.7%
Holy Tuesday
89.6%
Vixen
89.6%
Partridge
89.6%
Hanukkah
89.3%
Holy Monday
89.3%
All Mine
88.8%
Dog
88.8%
Boxing Day
88.6%
Pig
88.6%
Rat
88.5%
Zombie
88.5%
Rabbit
88.4%
% Correct
Witch
88.4%
Independence Day
88.3%
Vampire
88.3%
Hark! the Herald Angels Sing
88.2%
Werewolf
88%
Goat
87.9%
Rosh Hashanah
87.9%
Palm Sunday
87.8%
Horse
87.8%
Joy to the World
87.6%
It Came Upon a Midnight Clear
87.6%
Yom Kippur
87.3%
Tiger
87.3%
Away in a Manger
87.2%
Ghost
87.1%
Skeleton
87%
Chicago
87%
Maundy Thursday
86.9%
Ox
86.8%
Memorial Day
86.7%
Columbus Day
86.7%
Turkey
86.4%
Frankenstein's Monster
86%
Silent Night
86%
Thanksgiving Day
85.9%
Good King Wenceslas
85.9%
Pumpkin Pie
85.7%
Christmas Day
85.5%
Simchat Torah
85.5%
Mummy
85.3%
What Child is This?
85.1%
Washington, D.C.
85%
Father's Day
84.9%
Mother's Day
84.7%
% Correct
Passover
84.7%
Diwali
84.6%
Indianapolis
84.6%
Candy
84.6%
Monkey
84.4%
Martin Luther King, Jr.'s Birthday
84.2%
Cranberry Sauce
84%
Stuffing
83.9%
Candy Canes
83.9%
Shavuot
83.8%
Labor Day
83.6%
Gravy
83.4%
Candy Corns
83.3%
Tampa
83.2%
Shemini Atzeret
82.7%
New Year's Day
82.5%
Syrup
82.1%
Washington's Birthday
81.5%
Veterans Day
81.3%
Black Saturday
81.3%
Green Bean Casserole
81.1%
Valentine's Day
80.7%
May Day
80.2%
Sukkot
80%
Savannah
79.1%
Spy Wednesday
79.1%
Groundhog Day
72.9%
Purim
72.9%
Holi
71.5%
International Fun at Work Day
69.9%
Dussera
59.9%
Leap Day
59.2%

You're not logged in!

Compare scores with friends on all Sporcle quizzes.
OR
Log In

You Might Also Like...

Show Comments

Extras

Top Quizzes Today


Score Distribution

Your Account Isn't Verified!

In order to create a playlist on Sporcle, you need to verify the email address you used during registration. Go to your Sporcle Settings to finish the process.

Report this User

Report this user for behavior that violates our Community Guidelines.

Details: